[Event "BAN-chT Walton (Women)"]
[Site "Dhaka"]
[Date "2023.03.28"]
[Round "7"]
[White "Zowena, Mehbish"]
[Black "Warisa, Haider"]
[Result "0-1"]
[WhiteElo "1121"]
[BlackElo "1302"]
[PlyCount "98"]
[EventDate "2023.03.22"]
[EventType "team-tourn"]
[EventRounds "7"]
[EventCountry "BAN"]
[SourceTitle "CBM 213 Extra"]
[Source "ChessBase"]
[SourceDate "2023.05.31"]
[SourceVersion "1"]
[SourceVersionDate "2023.05.31"]
[SourceQuality "1"]
[WhiteTeam "Sheikh Russel (W)"]
[BlackTeam "Uttara Cenrtal CC (W)"]
[WhiteTeamCountry "BAN"]
[BlackTeamCountry "BAN"]

1. e4 c5 2. Nf3 Nc6 3. Bc4 e5 4. c3 Nf6 5. Qb3 Qe7 6. Ng5 Nd8 7. d3 g6 8. 0-0 Bg7 9. f4 exf4 10. Rxf4 d6 11. Nd2 h6 12. Ngf3 Nh5 13. Rh4 Bf6 14. Rxh5 gxh5 15. Nf1 Be6 16. Bb5+ Bd7 17. Ng3 Bxb5 18. Qxb5+ Qd7 19. Qxd7+ Kxd7 20. Nxh5 Be7 21. e5 Nc6 22. Bf4 dxe5 23. Nxe5+ Nxe5 24. Bxe5 Rhg8 25. Bg7 Bg5 26. Rf1 Rae8 27. Rxf7+ Re7 28. Nf6+ Bxf6 29. Rxf6 Rgxg7 30. Rxh6 Re2 31. b3 Rexg2+ 32. Kf1 Rxa2 33. Rh5 b6 34. Rd5+ Kc6 35. Rh5 Rb2 36. b4 cxb4 37. cxb4 Rxb4 38. Ke2 Rb2+ 39. Ke3 Rgg2 40. h3 Rb5 41. Rh4 Rg3+ 42. Ke2 Rb2+ 43. Kf1 Rxd3 44. Ke1 Ra3 45. Rc4+ Kb5 46. Rc1 Rxh3 47. Rc2 Rxc2 48. Kd1 Rg2 49. Ke1 Rh1# 0-1

[Event "BAN-chT Walton (Women)"]
[Site "Dhaka"]
[Date "2023.03.23"]
[Round "2"]
[White "Warisa, Haider"]
[Black "Srija, Seshadri"]
[Result "0-1"]
[WhiteElo "1302"]
[BlackElo "2194"]
[PlyCount "44"]
[EventDate "2023.03.22"]
[EventType "team-tourn"]
[EventRounds "7"]
[EventCountry "BAN"]
[SourceTitle "CBM 213 Extra"]
[Source "ChessBase"]
[SourceDate "2023.05.31"]
[SourceVersion "1"]
[SourceVersionDate "2023.05.31"]
[SourceQuality "1"]
[WhiteTeam "Uttara Cenrtal CC (W)"]
[BlackTeam "Bangladesh Police (W)"]
[WhiteTeamCountry "BAN"]
[BlackTeamCountry "BAN"]

1. e4 e5 2. Nf3 Nc6 3. Bc4 Nf6 4. d3 h6 5. 0-0 d6 6. c3 g5 7. Nfd2 Bg7 8. Nb3 Ne7 9. Be3 c6 10. N1d2 b5 11. Bxf7+ Kxf7 12. d4 Re8 13. Nf3 Nxe4 14. Qd3 Bf5 15. Qe2 Ng6 16. Nfd2 exd4 17. cxd4 Kg8 18. Rac1 Qd7 19. Na5 Rac8 20. Ndb3 Nf6 21. Qf3 Bg4 22. Qg3 Nh5 0-1